Course design : developing programs and materials for language learning
Αποθηκεύτηκε σε:
| Κύριος συγγραφέας: | |
|---|---|
| Άλλοι συγγραφείς: | |
| Μορφή: | Βιβλίο |
| Γλώσσα: | English |
| Δημοσίευση: |
Cambridge, Cambridgeshire ; New York :
Cambridge University Press,
1986
|
| Θέματα: | |
| Ετικέτες: |
Προσθήκη ετικέτας
Δεν υπάρχουν, Καταχωρήστε ετικέτα πρώτοι!
|
MARC
| LEADER | 00000cam a2200000 i 4500 | ||
|---|---|---|---|
| 001 | 1/79926 | ||
| 008 | 980910s1986 eng d | ||
| 020 | |a 0-521-27642-X | ||
| 035 | |l 10033309 | ||
| 035 | |a 1988 |b 3 |c Αφένδρας | ||
| 040 | |a GR-MY-UA |b gre |e aacr | ||
| 041 | 0 | |a eng | |
| 082 | 0 | |a 428.0071 |2 (19) | |
| 100 | 1 | |a Dubin, Fraida. | |
| 245 | 1 | 0 | |a Course design : |b developing programs and materials for language learning / |c Fraida Dubin and Elite Olshtain |
| 260 | |a Cambridge, Cambridgeshire ; New York : |b Cambridge University Press, |c 1986 | ||
| 300 | |a ix, 194 p.; |b ill.; |c 24 cm | ||
| 504 | |a Βιβλιογραφία: σ. 184-189 | ||
| 504 | |a Περιέχει ευρετήριο | ||
| 650 | 0 | 0 | |a Language and languages |x Study and teaching. |
| 650 | 0 | 0 | |a English language |x Study and teaching |x Foreign speakers. |
| 650 | 0 | 0 | |a Curriculum planning. |
| 700 | 1 | |a Olshtain, Elite. | |
| 852 | |a INST |b RHODES |e 19980910 |h 428.0071 DUB |p 005400003237 |q 005400003237 |t BK |y 0 | ||
| 909 | |a Ρ |b 011841 |c 1988 | ||